El derecho subjetivo / (Record no. 51240)

MARC details
000 -LEADER
campo de control de longitud fija 00480nam a2200157 i 4500
001 - NÚMERO DE CONTROL
campo de control 51240
003 - IDENTIFICADOR DE NÚMERO DE CONTROL
campo de control ES-MaACL
007 - CAMPO FIJO DE DESCRIPCIÓN FÍSICA--INFORMACIÓN GENERAL
campo de control de longitud fija t|
008 - DATOS DE LONGITUD FIJA--INFORMACIÓN GENERAL
campo de control de longitud fija 030811s1955 sp ||||1| spa d
100 1# - ENTRADA PRINCIPAL--NOMBRE DE PERSONA
Nombre de persona Dabin, Jean.
9 (RLIN) 42398
245 13 - MENCIÓN DEL TÍTULO
Título El derecho subjetivo /
Mención de responsabilidad, etc. J. Dabin ; traducida por Francisco Javier Osset.
260 ## - PUBLICACIÓN, DISTRIBUCIÓN, ETC.
Lugar de publicación, distribución, etc. Madrid :
Nombre del editor, distribuidor, etc. Revista de Derecho Privado,
Fecha de publicación, distribución, etc. [1955] (
Fabricante Jura)
300 ## - DESCRIPCIÓN FÍSICA
Extensión XI, 387 p. ;
Dimensiones 23 cm.
700 1# - ENTRADA AGREGADA--NOMBRE PERSONAL
Nombre de persona Osset, Javier.
9 (RLIN) 87785
852 ## - LOCALIZACIÓN
Ubicación ES-MaACL
Número de control de estantería C-9882
Sublocalización o colección R.38027
Holdings
Estatus retirado Estado de pérdida Estado de daño No para préstamo Biblioteca de origen Biblioteca actual Ubicación en estantería Fecha de adquisición Fuente de adquisición Total de préstamos Signatura topográfica completa Código de barras Visto por última vez Precio de reemplazo Tipo de ítem Koha
        Biblioteca del Ateneo de Madrid Biblioteca del Ateneo de Madrid Sala Palomar 17/01/2008     C-9882 1053893 23/02/2023 23/02/2023 Libro impreso